Open Data Biblioteca Nacional de Portugal


República Portuguesa: Ministério da Cultura
Biblioteca Nacional de Portugal

Catálogo da BNP: acesso por Identificadores Unívocos
Registos Bibliográficos associados ao registo de autoridade

Etiqueta de registo: 00254nam 2200025 450
001 2285701
003 http://id.bnportugal.gov.pt/bib/catbnp/2285701
100 ## $a20260504d2026 k y0pory01030103ba
101 0# $aeng$dpor
102 ## $aPT
105 ## $aa m 000yy
106 ## $ar
200 1# $aExploring the health potential of coffee silverskin in metabolic syndrome and cancer$edevelopment of a functional and sustainable product$fJuliana Barreto Peixoto$gsupervisor Rita Carneiro Alves, Maria de Fátima Moreira Martel, Maria Beatriz Prior Pinto Oliveira
210 #9 $aPorto$c[s.n.],$d2026
215 ## $aXL, 323 p.$cil.$d30 cm
300 ## $aAcesso não autorizado pelo período de 1 ano
328 #1 $aTese dout. Ciências Farmacêuticas (Nutrição e Química dos Alimentos), Faculdade de Farmácia, Universidade do Porto, 2026
700 #1 $aPeixoto,$bJuliana Barreto$31997603
702 #1 $aAlves,$bRita Carneiro$4727$31462304
702 #1 $aMartel,$bMaria de Fátima Moreira$4727$3182124
702 #1 $aOliveira,$bMaria Beatriz Prior Pinto,$f1960-$4727$3184157
801 #0 $aPT$bBN$gRPC
966 ## $lBN$mFGMON$x1
971 ## $cssilva$d20260504

OpendataBNP@bnportugal.pt | Mais informação sobre acesso aos dados BNP